Statistics for Countries of the CEFTA

Click here to take the quiz!

General Stats

  • This quiz has been taken 4 times
  • The average score is 6 of 7

Answer Stats

Countries% Correct
Albania
100%
Bosnia and Herzegovina
100%
Montenegro
100%
Serbia
100%
Kosovo
75%
North Macedonia
75%
Moldova
50%

Score Distribution

Percentile by Number Answered

Percent of People with Each Score

Your Score History

You have not taken this quiz